000 00714nam a22002055i 4500
001 156966
003 ES-MaACL
005 20230906210537.0
008 980904s1859 fr |||| | fre d
040 _aCAM
_bspa
_cCAM
100 1 _aLamennais, Félicité.
_969843
245 1 0 _aEssai sur l'indifférence en matière de religion /
_cF. de Lamennais.
260 _aParis :
_bGarnier Frères,
_c1859 (
_fSimon Raçon et Comp.)
300 _a2 v. ;
_c18 cm.
490 1 _aOeuvres de F. de Lamennais
597 1 _aT. I. (410 p.) -- T. II (418 p.) -- T. III (388 p.) -- T. IV (380 p.)
830 0 _aOeuvres de F. de Lamennais
_9221739
852 _aES-MaACL
_jD-3042-3045
_z-- Enc. hol.
999 _c156966
_d156966